000 00727nam a2200289Ia 4500
005 20260324133236.0
008 008 260324s9999 xx 000 0 eng d
020 _a9781410606778
037 _aEBOOK
040 _aCRL
040 _beng
040 _cCRL
041 _2eng
041 _aeng
084 _qCRL
100 _aMary Susan Fishbaugh; Terry R. Berkeley; Gwen Schroth
_91192339
245 0 _aEnsuring Safe School Environments
245 0 _bExploring Issues--seeking Solutions
260 _bTaylor and Francis
260 _c2003
365 _a
365 _b230
856 _uhttp://www.taylorfrancis.com/books/9781410606778
942 _cEBOOK
999 _c1791213
_d1791213